| 000 | 04323cam a22004574i 4500 | ||
|---|---|---|---|
| 003 | PE-LiUPU | ||
| 005 | 20250731165417.0 | ||
| 008 | 151204s2013 pe a grm 000 0 spa d | ||
| 035 | _a(Sirsi) a155420 | ||
| 040 |
_aPE-LiUPU _bspa _cPE-LiUPU _erda |
||
| 066 | _c$1 | ||
| 099 |
_aTF 3 _bA89 2013 |
||
| 100 | 1 |
_aAvalos Ramos, Martha Lucila, _eautor |
|
| 245 | 1 |
_aSíndrome de Burnout y las relaciones intrafamiliares de los abogados en los centros de emergencia mujer en el Perú, 2012 / _cMartha Lucila Avalos Ramos. |
|
| 264 | 0 | _c2013 | |
| 300 |
_a210 hojas : _bilustraciones; _c30 cm |
||
| 336 |
_atext _2rdacontent |
||
| 337 |
_aunmediated _2rdamedia |
||
| 338 |
_avolume _2rdacarrier |
||
| 502 |
_aTesis _b(Mg.) -- _cUniversidad Peruana Unión, _d2012. |
||
| 504 | _aIncluye referencias | ||
| 520 | 3 | _aLa presente investigación es de diseño transeccional de tipo descriptivo correlacional. El objetivo principal de este estudio es determinar la relación existente entre el Síndrome de Burnout y las relaciones intrafamiliares de los abogados en los centros de Emergencia Mujer en el Perú, 2012, para lo cual se trabajó con 95 abogados de los Centros de Emergencia Mujer en el Perú. La recolección de datos se realiza mediante un cuestionario, el Maslach Burnout Inventory (MBI), que fue desarrollado y validado por Cristina Maslach y Janey Jackson en su versión definitiva que apareció en 1986. Versión traducida y validada de la originalidad adaptada al español por Nicolás Seisdedos en 1997 (Capa, 2004). Esta escala, evalúa y describe la presencia del síndrome de burnout en tres dimensiones: Cansancio Emocional (CE), Despersonalización (DP) y Realización Personal (RP). Además se utiliza el cuestionario Escala de Evaluación de las Relaciones Intrafamiliares (E.R.I Versión larga de Rivera-Heredia y Andrade Palos (México 1999), de Patricia Andrade Palos, Rivera Heredia y Andrade Palos, que proporciona información sobre cómo es la interacción familiar respecto a la expresión de emociones, la unión y apoyo, y la percepción de dificultades o conflictos. Este cuestionario permite identificar diferentes elementos de las relaciones familiares que pudieran relacionarse con el bienestar psicológico de sus integrantes, o por el contrario que fueran factor de riesgo ante diferentes conductas problemáticas. La validación de estos instrumentos se realiza teniendo en cuenta el juicio de expertos y a través de reducción de dimensiones mediante el programa SPSS 19. Mientras que la confiabilidad del instrumento se determina a través del Alfa de Cronbach. Los datos se analizan usando como estadístico de prueba el coeficiente de correlación de Pearson (r de Pearson). Los resultados revelan que no existe una relación inversa y significativa entre el síndrome de Burnout y las relaciones intrafamiliares (r=0.074 y p =0.475 >0.05). En cuanto a la relación entre el síndrome de Burnout y la dimensión unión-apoyo intrafamiliar, no se halla una relación inversa y significativa entre el síndrome de burnout el nivel de expresión intrafamiliar de abogados en los Centros de Emergencia Mujer (r=0.089 y p =0.392 >0.05). No se encuentra una relación significativa entre el síndrome de Burnout y el nivel de dificultad intrafamiliar (r=0.189 y p =0.066 >0.05). Los resultados se explican por qué se halla, en la muestra de abogados, un bajo nivel de Burnout (62.1%), y un nivel medio (37.9) y nadie registraba niveles altos. Asimismo se encuentra niveles altos de Relaciones Intrafamiliares (94.7% y sólo 5.3% de los abogados registran niveles medio altos. Esto quiere decir que el nivel de síndrome de burnout afecta el niel de las relaciones intrafamiliares en los abogados, aunque no de manera significativa. | |
| 526 | _aSEG44 | ||
| 526 | _aSEG26 | ||
| 526 | _aP151 | ||
| 526 | _aP150 | ||
| 526 | _aP149 | ||
| 526 | _aP146 | ||
| 526 | _aP145 | ||
| 526 | _aP126 | ||
| 526 | _aP125 | ||
| 526 | _aP92 | ||
| 526 | _aP75 | ||
| 526 | _aP74 | ||
| 526 | _aP27 | ||
| 526 | _aP15 | ||
| 650 | 0 | 4 |
_aAbogados _xSindrome de Burnot _xFamilia |
| 596 | _a1 | ||
| 942 |
_2ddc _cTESIS |
||
| 999 |
_aTF 3 A89 2013 _wALPHANUM _c8101 _iT01378 _lCCODEBUL3 _mBUL _r1 _sY _tTESIS _u2015-12-4 _xPOSGRADO _PP54 _o.STAFF. Tesis _d8101 |
||
| 980 |
_81 _gALBERTO SANCHEZ Responsable de Automatización |
||